000
00289nam a22001337a 4500
008
181218b xxu||||| |||| 00| 0 eng d
020
_a
9780803627437
041
_a
eng
080
_a
610.73
100
_a
1
101
_a
INF
245
_a
Concept Maping
_c
Schuster, P.M
942
_2
udc
_c
BK
999
_c
53465
_d
53465